000 00676cab a2200217 4500
001 WB3247-49
008 090401t1996 xxu||||| |||| 00| 0 eng d
035 _a(Sirsi) u69527
041 _aeng
245 _aAdvisory committee appointments
260 _c1996
350 _a0
490 _aDoE News Release
_v(536) 4 December 1996, (2)
520 _aAnnounces the appointment of a chairman and members of the Advisory Committee on the Rating of Plant and Machinery in Prescribed Assessments. Details.
650 _aPLANT AND MACHINERY
650 _aPRESCRIBED ASSESSMENTS
650 _aRATING
690 _aRATING AND VALUATION
942 _n0
948 _c04/03/1997
999 _c43672
_d43672